000 00415nam a2200181Ia 4500
005 20250603145737.0
008 250603s9999 xx 000 0 und d
020 _a9781786308498
050 _aTK 5105.5833 .B36/
100 _aBannour, Fetia
245 0 _aSoftware-Defined Networking
260 _aNew Jersey
260 _bWiley
260 _c2022
300 _a140 p
650 _aNew Jersey
942 _cBK
999 _c42726
_d42726